|
|
|
|
| LEADER |
00000nam0a2200000 4500 |
| 001 |
297416 |
| 005 |
20231102001015.0 |
| 035 |
|
|
|a (RuTPU)RU\TPU\book\322549
|
| 090 |
|
|
|a 297416
|
| 100 |
|
|
|a 20150608d1976 k y0rusy50 ca
|
| 101 |
0 |
|
|a rus
|
| 102 |
|
|
|a RU
|
| 105 |
|
|
|a a z 001zy
|
| 200 |
1 |
|
|a Оценка эксплуатационных запасов подземных вод с искусственным их восполнением
|f Н. А. Плотников, К. И. Сычев
|
| 210 |
|
|
|a Москва
|c Недра
|d 1976
|
| 215 |
|
|
|a 152 с.
|c ил.
|
| 320 |
|
|
|a Библиогр.: с. 147-150.
|
| 606 |
1 |
|
|a Воды подземные
|x Подсчет и классификация запасов
|2 stltpush
|3 (RuTPU)RU\TPU\subj\3176
|9 31630
|
| 610 |
1 |
|
|a восполнение
|
| 610 |
1 |
|
|a схемы
|
| 610 |
1 |
|
|a гидрогеологические условия
|
| 610 |
1 |
|
|a вода
|
| 610 |
1 |
|
|a качество
|
| 610 |
1 |
|
|a температура
|
| 610 |
1 |
|
|a сточные воды
|
| 610 |
1 |
|
|a принципы
|
| 610 |
1 |
|
|a расчеты
|
| 610 |
1 |
|
|a примеры
|
| 610 |
1 |
|
|a оценка
|
| 675 |
|
|
|a 556.382
|v 3
|
| 700 |
|
1 |
|a Плотников
|b Н. А.
|g Николай Алексеевич
|
| 701 |
|
1 |
|a Сычев
|b К. И.
|g Константин Игоревич
|
| 801 |
|
1 |
|a RU
|b 63413507
|c 20150608
|
| 801 |
|
2 |
|a RU
|b 63413507
|c 20150814
|g RCR
|
| 942 |
|
|
|c BK
|